[Event "Trophee Roza Lallemand Online"]
[Site "Tornelo INT"]
[Date "2020.12.13"]
[Round "3"]
[White "Antoine, Francoise"]
[Black "Pivard, Elsa"]
[Result "0-1"]
[WhiteElo "1132"]
[BlackElo "1716"]
[PlyCount "156"]
[EventDate "2020.12.13"]
[EventType "swiss (rapid)"]
[EventRounds "9"]
[EventCountry "USA"]
[SourceTitle "EXT 2022"]
[Source "ChessBase"]
[SourceDate "2021.10.06"]
[SourceVersion "1"]
[SourceVersionDate "2021.10.06"]
[SourceQuality "1"]

1. Nf3 d5 2. c4 c6 3. e3 Nf6 4. d4 g6 5. Nc3 Bg7 6. cxd5 cxd5 7. Bb5+ Nbd7 8. 0-0 0-0 9. Re1 a6 10. Ba4 b5 11. Bc2 Bb7 12. a3 Rc8 13. Qd3 Re8 14. e4 dxe4 15. Nxe4 Nxe4 16. Rxe4 Bxe4 17. Qxe4 Nf6 18. Qb7 Rxc2 19. Qxa6 Qd7 20. Bg5 Rec8 21. Rf1 Rxb2 22. Ne5 Qc7 23. h3 h6 24. Bf4 Qc2 25. Nd3 Qxd3 26. Qxc8+ Kh7 27. Be5 Qc4 28. Qb7 Nd5 29. a4 Bxe5 30. dxe5 Qc7 31. Qxd5 e6 32. Qd4 Re2 33. axb5 Rxe5 34. b6 Qb8 35. Qd7 Rf5 36. Rb1 Qf4 37. Rf1 Rd5 38. Qc8 Qd6 39. b7 Rb5 40. f3 Qb6+ 41. Kh1 Qxb7 42. Qc3 Qd5 43. Qf6 Qf5 44. Qd4 Qe5 45. Qd7 Kg7 46. Qd3 Rd5 47. Qc4 Rd2 48. f4 Qe2 49. Qc3+ Kh7 50. Qf3 Qxf3 51. Rxf3 Kg7 52. Kg1 Kf6 53. g4 Ra2 54. Rc3 Ra4 55. Rf3 h5 56. Kg2 hxg4 57. hxg4 Kg7 58. Kg3 f6 59. Rc3 g5 60. Rc7+ Kg6 61. fxg5 Kxg5 62. Rc5+ e5 63. Kf3 Rxg4 64. Ra5 Rf4+ 65. Ke3 Kf5 66. Rd5 Rd4 67. Ra5 Rb4 68. Rd5 Rb3+ 69. Kd2 Ke4 70. Rd6 f5 71. Rc6 Rh3 72. Rc4+ Kd5 73. Rc8 e4 74. Rd8+ Ke5 75. Re8+ Kf4 76. Ke2 Rh2+ 77. Kf1 Kf3 78. Rf8 Rh1# 0-1